000 02294nam a22002057a 4500
008 250512t2025 xxk|||||o|||| 00| 0 eng d
041 _aeng
110 _aRoyal Institution of Chartered Surveyors
245 _aRICS response to consultation on proposed revised CPD Framework
_h[Electronic resource]
260 _aLondon,
_bRoyal Institution of Chartered Surveyors,
_cApril 2025
300 _a25p.
520 _aThe Standards and Regulation Board (SRB) has approved important changes to strengthen RICS’ Continuing Professional Development (CPD) framework, following a comprehensive review led by the CPD framework steering group. These updates aim to better support members’ lifelong learning, maintain professional standards and uphold public interest. Following a 12-week consultation period starting in April 2024, SRB has recently approved recommendations to strengthen the RICS CPD framework and its approach, as proposed by the CPD Framework Steering group. Key updates include: encouraging members to identify, plan, undertake, and reflect on CPD that is relevant, adequate and appropriate to their practice; giving members more flexibility in meeting yearly CPD requirements. For example, if members complete a long training programme like a Master’s degree, members can carry forward up to 15 CPD hours to the following year; mandatory topics to be covered every 3 years (including ethics, sustainability, AI and data & technology); an improved member experience by enabling easier planning and recording of CPD activities – including a new member app and improved CPD content; annually, members will declare that their CPD is relevant, adequate and appropriate , and fulfils RICS' CPD obligations. There have also been changes to exemptions, breaches and disciplinary action – you can find the details here. The updated CPD framework is expected to take effect no sooner than January 2026.
650 _aCONTINUING PROFESSIONAL DEVELOPMENT
650 _aSURVEYING PROFESSION
651 _aInternational
690 _aRICS
_96277
710 _aRoyal Institution of Chartered Surveyors
856 _uhttps://www.rics.org/news-insights/whats-new-in-rics-cpd-framework-rics-announces-cpd-framework-updates
_zRICS CPD framework update
942 _n0
999 _c122155
_d122155